000 00869nas a2200277 4500
001 BR2014004429
003 BR-BrBNA
005 20231205124241.0
007 ta
008 230509b bl.|||p| |||| 00| 00por d
040 _aBR-BrBNA
_bpor
_cBiblioteca Nacional de Agricultura
041 _a(En)
072 _aM12
100 1 _aFuruya, W.M.
100 1 _aFruruya, V.R.B.
245 1 _aNutritional innovations on amino acids supplementation in Nile tilapia diets
650 _aTILÁPIA NILÓTICA
650 _aDIGESTIBILIDADE
650 _aCARNE
650 _aQUALIDADE
650 _aAMINOÁCIDO
773 0 _tRevista Brasileira de Zootecnia (Brazil)
_xISSN 1806-9290
_g(Jul 2010), v. 39(special number) p. 88-94
_wBR2014004429
856 4 0 _uhttp://www.scielo.br/pdf/rbz/v39sspe/10.pdf
909 _a202311
_bLúcia
_c55
_dLúcia Elande
942 _2AGRIS
_n0
_cANA
999 _c238103
_d238103